Т. 78, вып. 7; Успехи химии

Bibliographische Detailangaben
Parent link:Успехи химии: обзорный журнал по химии/ Российская академия наук (РАН). Т. 78, вып. 7.— , 1932-.— 0042-1308
Sprache:Russisch
Veröffentlicht: 2009
Format: Buch
KOHA link:https://koha.lib.tpu.ru/cgi-bin/koha/opac-detail.pl?biblionumber=437660

MARC

LEADER 00000nam2a2200000 4500
001 437660
005 20231101080638.0
035 |a (RuTPU)RU\TPU\prd\98853 
035 |a RU\TPU\prd\98816 
090 |a 437660 
100 |a 20110209a19329999k y0rusy50 ca 
101 0 |a rus 
102 |a RU 
200 0 |a Т. 78, вып. 7 
210 |d 2009 
461 1 |0 (RuTPU)RU\TPU\prd\400  |x 0042-1308  |t Успехи химии  |o обзорный журнал по химии  |f Российская академия наук (РАН)  |v Т. 78, вып. 7  |d 1932- 
801 0 |a RU  |b 63413507  |c 20010227  |g PSBO 
801 1 |a RU  |b 63413507  |c 20090909 
801 2 |a RU  |b 63413507  |c 20201119  |g RCR 
942 |c BK 
999 |a НТБ_ТПУ  |b НФ  |e -8/20100111  |p П-3041  |s 2/20090408  |u 0,00  |v 1